000 00556nam a2200181Ia 4500
008 240729s9999 xx 000 0 und d
022 _a2665-9107
245 0 _aForensic Science International: Reports
260 _aNetherlands
260 _bElsevier
650 _a Comparative law. International uniform law
650 _a Criminal law and procedure
650 _a Law in general. Comparative and uniform law. Jurisprudence
650 _aLaw
856 _uhttps://doaj.org/toc/e7c65e5572e14c1b9f00845057674c7d
942 _2ddc
942 _cDOAJEJ
999 _c71500
_d71500
945 _a1
_bMadushi Gamage
_c1
_dMadushi Gamage